Champion du monde de descente VTT - Statistiques

Statistiques générales
  • Ce quiz a été pris 48 fois
    35 depuis la dernière actualisation
  • Le résultat moyen est 6 sur 18
Statistiques - réponses
Année Pays Champion % Correct
2015 ; 2017 ; 2018 ; 2019 ; 2022 France Loïc Bruni
100%
2024 France Loris Vergier
81%
2025 Canada Jackson Goldstone
77%
1995 ; 1996 ; 1997 ; 1998 ; 1999 ; 2001 ; 2002 France Nicolas Vouilloz
45%
2011 ; 2016 Royaume-Uni Danny Hart
42%
2008 ; 2014 Royaume-Uni Gee Atherton
42%
2003 ; 2012 ; 2013 ; 2021 Afrique du Sud Greg Minnaar
42%
2004 ; 2005 France Fabien Barel
35%
2006 ; 2007 ; 2010 Australie Sam Hill
35%
2023 Royaume-Uni Charlie Hatton
32%
2009 Royaume-Uni Steve Peat
26%
2020 Royaume-Uni Reece Wilson
16%
1991 Suisse Albert Iten
6%
1992 États-Unis Dave Cullinan
6%
1994 France François Gachet
6%
1990 États-Unis Greg Herbold
6%
1993 États-Unis Mike King
6%
2000 États-Unis Myles Rockwell
6%
Aucun quiz correspondant
Distribution des résultats
% des personnes avec chaque résultat
Percentile par nombre de réponses
Votre historique - résultats
Vous n’avez pas pris ce quiz depuis la dernière actualisation